Culture Générale - Série 2250 - Statistiques

Statistiques générales
  • Ce quiz a été pris 138 fois
  • Le résultat moyen est 6 sur 10
Statistiques - réponses
Question Réponse % Correct
Quel métal provoque une intoxication aiguë ou chronique appelée "saturnisme" ? plomb
83%
De quel groupe le film "Bohemian Rapsody" raconte-t-il l'histoire ? Queen
79%
Comment s'appelle le détroit qui sépare l'Amérique du Nord de la Russie ? Béring
74%
Dans quel pays culmine le mont Elbrouz à 5642 m ? Russie
60%
Quel est le dernier français à avoir remporté le Tour de France cycliste en 1985 ? prénom et nom Bernard Hinault
59%
Quel réseau social a pour logo un fantôme blanc ? Snapchat
59%
Quel pays était appelé autrefois Dahomey ? voir drapeau Bénin
57%
Qui a réalisé "Les valseuses" en 1974 ? prénom et nom Bertrand Blier
40%
Où se trouve le désert du Taklamakan ? Chine
33%
Qui est James Bond dans "Au service secret de sa majesté" en 1969 ? prénom et nom George Lazenby
18%
Aucun quiz correspondant
Distribution des résultats
% des personnes avec chaque résultat
Percentile par nombre de réponses
Votre historique - résultats
Vous n’avez pas pris ce quiz